| 000 | 00902nas a2200301 4500 | ||
|---|---|---|---|
| 001 | BR0404591 | ||
| 003 | BR-BrBNA | ||
| 005 | 20231205104902.0 | ||
| 007 | ta | ||
| 008 | 230509b bl.|||p| |||| 00| 00por d | ||
| 040 |
_aBR-BrBNA _bpor _cBiblioteca Nacional de Agricultura |
||
| 041 | _a(Pt) | ||
| 072 | _aL73; L70 | ||
| 100 | 1 | _aBrandão, L.P. | |
| 100 | 1 | _aHagiwara, M.K. | |
| 245 | 1 | _aImunidade humoral e resistência à reinfecção em cães infectados por Babesia canis e tratados com dipropionato de imidocarb | |
| 650 | _aCÃO | ||
| 650 | _aBABESIOSE | ||
| 650 | _aINFECÇÃO | ||
| 650 | _aIMUNIDADE | ||
| 650 | _aVETERINÁRIA | ||
| 650 | _aMEDICAMENTO | ||
| 650 | _aANTICORPO | ||
| 650 | _aSINTOMA | ||
| 773 | 0 |
_tHora Veterinária (Brazil) _xISSN 0101-9163 _g(May-Jun 2004), v. 24(139) p. 17-21 _wBR0404591 |
|
| 909 |
_a202311 _bLúcia _c55 _dLúcia Elande |
||
| 942 |
_2AGRIS _n0 _cANA |
||
| 999 |
_c180125 _d180125 |
||